Darmkrebsfrüherkennung und -vorsorge

Saved in:
Bibliographic Details
Main Authors: Hoffmeister, Michael (Author) , Brenner, Hermann (Author)
Format: Chapter/Article
Language:German
Published: 2019
In: Versorgungs-Report Früherkennung
Year: 2019, Pages: 179-190
Online Access: Get full text
Author Notes:Michael Hoffmeister und Hermann Brenner

MARC

LEADER 00000caa a2200000 c 4500
001 1667962000
003 DE-627
005 20220816174744.0
007 tu
008 190626s2019 xx ||||| 00| ||ger c
035 |a (DE-627)1667962000 
035 |a (DE-599)KXP1667962000 
035 |a (OCoLC)1341230057 
040 |a DE-627  |b ger  |c DE-627  |e rda 
041 |a ger 
084 |a 33  |2 sdnb 
100 1 |a Hoffmeister, Michael  |d 1973-  |e VerfasserIn  |0 (DE-588)134103726  |0 (DE-627)560880820  |0 (DE-576)277089565  |4 aut 
245 1 0 |a Darmkrebsfrüherkennung und -vorsorge  |c Michael Hoffmeister und Hermann Brenner 
264 1 |c 2019 
300 |b 1 Illustration, 1 Tabelle 
300 |a 12 
336 |a Text  |b txt  |2 rdacontent 
337 |a ohne Hilfsmittel zu benutzen  |b n  |2 rdamedia 
338 |a Band  |b nc  |2 rdacarrier 
500 |a Literaturangaben 
700 1 |a Brenner, Hermann  |e VerfasserIn  |0 (DE-588)1020516445  |0 (DE-627)691247005  |0 (DE-576)360642136  |4 aut 
773 0 8 |i Enthalten in  |t Versorgungs-Report Früherkennung  |d Berlin : Medizinisch Wissenschaftliche Verlagsgesellschaft, 2019  |g (2019), Seite 179-190  |h X, 272 Seiten  |w (DE-627)1646072758  |w (DE-576)520143221  |z 9783954664023  |z 395466402X  |7 nnam  |a Darmkrebsfrüherkennung und -vorsorge 
773 1 8 |g year:2019  |g pages:179-190  |g extent:12  |a Darmkrebsfrüherkennung und -vorsorge 
951 |a AR 
992 |a 20200706 
993 |a BookComponentPart 
994 |a 2014 
998 |g 1020516445  |a Brenner, Hermann  |m 1020516445:Brenner, Hermann  |d 850000  |d 851600  |d 50000  |e 850000PB1020516445  |e 851600PB1020516445  |e 50000PB1020516445  |k 0/850000/  |k 1/850000/851600/  |k 0/50000/  |p 2  |y j 
998 |g 134103726  |a Hoffmeister, Michael  |m 134103726:Hoffmeister, Michael  |d 50000  |e 50000PH134103726  |k 0/50000/  |p 1  |x j 
999 |a KXP-PPN1667962000  |e 3695951737 
BIB |a Y 
JSO |a {"origin":[{"dateIssuedKey":"2019","dateIssuedDisp":"2019"}],"relHost":[{"name":{"displayForm":["C. Günster, J. Klauber, B.-P. Robra, N. Schmacke, C. Schmuker (Hrsg.) ; mit Beiträgen von G. Beydoun [und 29 anderen]"]},"type":{"bibl":"edited-book"},"id":{"isbn":["9783954664023","395466402X"],"eki":["1646072758"]},"person":[{"given":"Christian","display":"Günster, Christian","family":"Günster","role":"edt"},{"given":"Jürgen","display":"Klauber, Jürgen","family":"Klauber","role":"edt"},{"display":"Robra, Bernt-Peter","given":"Bernt-Peter","role":"edt","family":"Robra"},{"display":"Schmacke, Norbert","given":"Norbert","family":"Schmacke","role":"edt"},{"family":"Schmuker","role":"edt","given":"Caroline","display":"Schmuker, Caroline"},{"family":"Beydoun","role":"aut","given":"Ghassan","display":"Beydoun, Ghassan"}],"recId":"1646072758","title":[{"title":"Versorgungs-Report Früherkennung","title_sort":"Versorgungs-Report Früherkennung"}],"origin":[{"dateIssuedKey":"2019","publisher":"Medizinisch Wissenschaftliche Verlagsgesellschaft","publisherPlace":"Berlin","dateIssuedDisp":"[2019]"}],"disp":"Darmkrebsfrüherkennung und -vorsorgeVersorgungs-Report Früherkennung","physDesc":[{"extent":"X, 272 Seiten","noteFormat":"24 cm x 16.5 cm","noteIll":"Illustrationen, Diagramme, Karten"}],"language":["ger"],"note":["Auf dem Umschlag: mwv-open.de, WidO Wissenschaftliches Instiut der AOK","Enthält 14 Beiträge","Literaturangaben"],"corporate":[{"role":"isb","display":"Wissenschaftliches Institut der Ortskrankenkassen"}],"part":{"extent":"12","pages":"179-190","text":"(2019), Seite 179-190","year":"2019"}}],"title":[{"title":"Darmkrebsfrüherkennung und -vorsorge","title_sort":"Darmkrebsfrüherkennung und -vorsorge"}],"person":[{"display":"Hoffmeister, Michael","given":"Michael","role":"aut","family":"Hoffmeister"},{"family":"Brenner","role":"aut","given":"Hermann","display":"Brenner, Hermann"}],"recId":"1667962000","id":{"eki":["1667962000"]},"name":{"displayForm":["Michael Hoffmeister und Hermann Brenner"]},"type":{"bibl":"chapter"},"note":["Literaturangaben"],"language":["ger"],"physDesc":[{"extent":"12 S.","noteIll":"1 Illustration, 1 Tabelle"}]} 
SRT |a HOFFMEISTEDARMKREBSF2019